|
|
|
|
| LEADER |
00000nlm0a2200000 4500 |
| 001 |
308220 |
| 005 |
20260227151221.0 |
| 035 |
|
|
|a (RuTPU)RU\TPU\book\333529
|
| 035 |
|
|
|a RU\TPU\book\333527
|
| 090 |
|
|
|a 308220
|
| 100 |
|
|
|a 20151029d2015 k y0rusy50 ca
|
| 101 |
0 |
|
|a rus
|
| 102 |
|
|
|a RU
|
| 105 |
|
|
|a a dm 001zy
|
| 135 |
|
|
|a drcn ---uucaa
|
| 181 |
|
0 |
|a i
|
| 182 |
|
0 |
|a b
|
| 200 |
1 |
|
|a Автоматизированная система управления технологическими процессами производства гексафторида урана
|e автореферат диссертации на соискание ученой степени кандидата технических наук
|e спец. 05.13.06
|f Н. С. Криницын
|g Национальный исследовательский Томский политехнический университет (ТПУ), Физико-технический институт (ФТИ), Кафедра электроники и автоматики физических установок (№ 24) (ЭАФУ) ; науч. рук. В. Ф. Дядик
|
| 203 |
|
|
|a Текст
|c электронный
|
| 210 |
|
|
|a Томск
|d 2015
|
| 215 |
|
|
|a 1 файл (1.0 Mb)
|
| 300 |
|
|
|a Заглавие с титульного экрана
|
| 300 |
|
|
|a Электронная версия печатной публикации
|
| 337 |
|
|
|a Adobe Reader
|
| 452 |
|
1 |
|0 (RuTPU)RU\TPU\book\338404
|t Автоматизированная система управления технологическими процессами производства гексафторида урана
|o автореферат диссертации на соискание ученой степени кандидата технических наук
|o спец. 05.13.06
|f Н. С. Криницын
|g Национальный исследовательский Томский политехнический университет (ТПУ) ; науч. рук. В. Ф. Дядик
|c Томск
|n [Б. и.]
|d 2015
|p 22 с.
|a Криницын, Николай Станиславович
|
| 606 |
|
|
|a Уран,фториды
|2 stltpush
|3 (RuTPU)RU\TPU\subj\32809
|9 55241
|
| 610 |
1 |
|
|a авторефераты диссертаций
|
| 610 |
1 |
|
|a электронный ресурс
|
| 610 |
1 |
|
|a труды учёных ТПУ
|
| 610 |
1 |
|
|a автоматизированные системы управления технологическими процессами
|
| 610 |
1 |
|
|a фторсодержащие компоненты
|
| 610 |
1 |
|
|a улавливание
|
| 610 |
1 |
|
|a стехиометрический избыток
|
| 610 |
1 |
|
|a автоматическая стабилизация
|
| 610 |
1 |
|
|a автоматическая стабилизация
|
| 610 |
1 |
|
|a пламенные реакторы
|
| 675 |
|
|
|a 661.87(04)
|v 3
|
| 686 |
|
|
|a 05.13.06
|2 oksvnk
|
| 700 |
|
1 |
|a Криницын
|b Н. С.
|c специалист в области физических установок
|c ассистент Томского политехнического университета, программист
|f 1987-
|g Николай Станиславович
|3 (RuTPU)RU\TPU\pers\28155
|
| 702 |
|
1 |
|a Дядик
|b В. Ф.
|c специалист в области автоматического управления
|c доцент Томского политехнического университета, кандидат технических наук
|f 1939-
|g Валерий Феодосиевич
|3 (RuTPU)RU\TPU\pers\25485
|4 727
|
| 712 |
0 |
2 |
|a Национальный исследовательский Томский политехнический университет
|c (2009- )
|9 26305
|
| 801 |
|
2 |
|a RU
|b 63413507
|c 20160202
|g RCR
|
| 856 |
4 |
|
|u http://www.lib.tpu.ru/fulltext/a/2015/65.pdf
|
| 942 |
|
|
|c CF
|